Lập trình Visual Basic .NET : Kỹ thuật và ứng dụng
Nội dung sách giới thiệu về triết lý của .NET. Xây dựng các ứng dụng Visual Basic .NET, căn bản về ngôn ngữ VB .NET, lập trình hướng đối tượng với VB .NET, các thể ủy quyền, các sự kiện và các giao diện......
Đã lưu trong:
| 主要作者: | |
|---|---|
| 格式: | 圖書 |
| 語言: | Undetermined |
| 出版: |
Hà Nội
Thống Kê
2002
|
| 主題: | |
| 標簽: |
添加標簽
沒有標簽, 成為第一個標記此記錄!
|
| Thư viện lưu trữ: | Trung tâm Học liệu Trường Đại học Cần Thơ |
|---|
| LEADER | 00944nam a2200193Ia 4500 | ||
|---|---|---|---|
| 001 | CTU_48184 | ||
| 008 | 210402s9999 xx 000 0 und d | ||
| 082 | |a 005.15 | ||
| 082 | |b Ng419 | ||
| 100 | |a Ngọc Anh Thư Press | ||
| 245 | 0 | |a Lập trình Visual Basic .NET : | |
| 245 | 0 | |b Kỹ thuật và ứng dụng | |
| 245 | 0 | |c Ngọc Anh Thư Press (chủ biên) | |
| 260 | |a Hà Nội | ||
| 260 | |b Thống Kê | ||
| 260 | |c 2002 | ||
| 520 | |a Nội dung sách giới thiệu về triết lý của .NET. Xây dựng các ứng dụng Visual Basic .NET, căn bản về ngôn ngữ VB .NET, lập trình hướng đối tượng với VB .NET, các thể ủy quyền, các sự kiện và các giao diện... | ||
| 650 | |a Basic (ngôn ngữ chương trình máy tính),Basic (computer program language) | ||
| 980 | |a Trung tâm Học liệu Trường Đại học Cần Thơ | ||